La capacidad de ser sujeto : (Record no. 101657)

MARC details
000 -CABECERA
campo de control de longitud fija 00734nam a2200229 a 4500
005 - FECHA Y HORA DE LA ÚLTIMA TRANSACCIÓN
campo de control 20250829063928.0
008 - ELEMENTOS DE LONGITUD FIJA--INFORMACIÓN GENERAL
campo de control de longitud fija 031002s1998 es r 000 0 spa d
020 ## - NÚMERO INTERNACIONAL NORMALIZADO PARA LIBROS
Número Internacional Estándar del Libro 8475843611
035 ## - NÚMERO DE CONTROL DEL SISTEMA
Número de control de sistema UPN01000129485
049 ## - COLECCIÓN
Colección CG
050 #4 - SIGNATURA TOPOGRÁFICA DE LA BIBLIOTECA DEL CONGRESO
Número de clasificación LC3965
Número de documento/Ítem P4.3
100 1# - ASIENTO PRINCIPAL--NOMBRE PERSONAL
Nombre de persona Pérez de Lara, Nuria
245 13 - MENCIÓN DE TÍTULO
Título La capacidad de ser sujeto :
Resto del título más allá de las técnicas en educación especial /
Mención de responsabilidad, etc. Nuria Pérez de Lara.
260 ## - PUBLICACIÓN, DISTRIBUCIÓN, ETC.
Lugar de publicación, distribución, etc. Barcelona, Esp. :
Nombre del editor, distribuidor, etc. Laertes,
Fecha de publicación, distribución, etc. 1998.
300 ## - DESCRIPCIÓN FÍSICA
Extensión 228 p.
440 #0 - MENCIÓN DE SERIE/ASIENTO SECUNDARIO--TÍTULO
Título Laertes.
Nombre de parte o sección de la obra Psicopedagogía ;
Designación de volumen o secuencia 88
650 #4 - ASIENTO SECUNDARIO DE MATERIA - TERMINO TEMATICO
Término de materia o nombre geográfico como elemento de entrada Educación especial
9 (RLIN) 3029
650 #4 - ASIENTO SECUNDARIO DE MATERIA - TERMINO TEMATICO
Término de materia o nombre geográfico como elemento de entrada EDUCACION ESPECIAL -
Subdivisión general HISTORIA
9 (RLIN) 17816
650 #4 - ASIENTO SECUNDARIO DE MATERIA - TERMINO TEMATICO
Término de materia o nombre geográfico como elemento de entrada Integración escolar
9 (RLIN) 306
650 #4 - ASIENTO SECUNDARIO DE MATERIA - TERMINO TEMATICO
Término de materia o nombre geográfico como elemento de entrada Mujeres en la educación
9 (RLIN) 6302
905 ## - TIPO DE MATERIAL
Tipo de material Libro
Holdings
Estado de retiro Estado de pérdida Fuente del sistema de clasificación o colocación Estado dañado No para préstamo Código de colección Localización permanente Ubicación/localización actual Ubicación en estantería Total de préstamos Clasificación Código de barras Fecha visto por última vez Número de copia Tipo de ítem Koha
    Library of Congress Classification     Colección General Bib. Gregorio Torres Quintero Bib. Gregorio Torres Quintero Planta baja 5 LC3965 P4.3 219725 31/12/2020 1 Libro
    Library of Congress Classification     Colección General Bib. Gregorio Torres Quintero Bib. Gregorio Torres Quintero Planta baja 10 LC3965 P4.3 219727 31/12/2020 1 Libro
    Library of Congress Classification     Colección General Bib. Gregorio Torres Quintero Bib. Gregorio Torres Quintero Planta baja 14 LC3965 P4.3 219726 31/12/2020 1 Libro